Plessey Co plc v Eagle Pension Funds (Record no. 23662)

MARC details
000 -LEADER
fixed length control field 01243cab a2200217 4500
001 - CONTROL NUMBER
control field ABS42375
008 - FIXED-LENGTH DATA ELEMENTS--GENERAL INFORMATION
fixed length control field 090401t1990 xxu||||| |||| 00| 0 eng d
035 ## - SYSTEM CONTROL NUMBER
System control number (Sirsi) u36429
041 ## - LANGUAGE CODE
Language code of text/sound track or separate title eng
245 ## - TITLE STATEMENT
Title Plessey Co plc v Eagle Pension Funds
260 ## - PUBLICATION, DISTRIBUTION, ETC.
Date of publication, distribution, etc. 1990
350 ## - PRICE (NR) (BK AM CF MU VM SE) [OBSOLETE]
Price 0
490 ## - SERIES STATEMENT
Series statement Rating & Valuation Reporter
Volume/sequential designation 1990 RVR 29-31(3)
520 ## - SUMMARY, ETC.
Summary, etc. LT 17 October 1989. Appeal under Landlord and Tenant Act 1954 s37 from the VO`s decision concerning the rateable value (rv) of part of a building to ascertain compensation for disturbance . The VO set the sum at £17, an apportionment of £60 for the whole building entitling the appellants (P) to £51 (£17x3). P however claimed that the sum should be £21,097 (ie £63,291 compensation) on the grounds that that figure was the rv previous to a fire which had been the cause of the disturbance for which compensation was payable. It was held that the rv should be that on the day on which compensation was claimed 18 January 1985 and therefore stood at £17.
650 ## - SUBJECT ADDED ENTRY--TOPICAL TERM
Topical term or geographic name entry element APPROPRIATE MULTIPLER
650 ## - SUBJECT ADDED ENTRY--TOPICAL TERM
Topical term or geographic name entry element LANDLORD AND TENANT ACT 1954 S37
650 ## - SUBJECT ADDED ENTRY--TOPICAL TERM
Topical term or geographic name entry element SECTION 25 NOTICES
690 ## - LOCAL SUBJECT ADDED ENTRY--TOPICAL TERM (OCLC, RLIN)
Topical term or geographic name as entry element LANDLORD AND TENANT-CASE LAW-BUSINESS TENANCIES
942 ## - ADDED ENTRY ELEMENTS (KOHA)
Suppress in OPAC 0
948 ## - LOCAL PROCESSING INFORMATION (OCLC); SERIES PART DESIGNATOR (RLIN)
c (OCLC) 04/03/1997
Holdings
Withdrawn status Lost status Source of classification or shelving scheme Damaged status Not for loan Home library Current library Shelving location Date acquired Total Checkouts Full call number Barcode Date last seen Copy number Price effective from Koha item type
    Dewey Decimal Classification     London London Journal article 14/09/1999   ABS42375 36429-1001 06/08/2019 1 06/08/2019 Law report